| 000 | 00652nam a2200193 a 4500 | ||
|---|---|---|---|
| 005 | 20250307063813.0 | ||
| 008 | 030925s1975 mx r 000 0 spa d | ||
| 020 | _a8424906535 | ||
| 035 | _aUPN01000129198 | ||
| 049 | _aCG | ||
| 050 | 4 |
_aP25 _bD448 |
|
| 245 | 0 | 0 |
_aDe la teoría lingüística a la enseñanza de la lengua / _cJeanne Martinet ; colaboración de O. Ducrot... [et al.] ; tr. María Victoria Catalina. |
| 260 |
_aMadrid : _bGredos, _c1975. |
||
| 300 | _a262 p. | ||
| 440 | 0 |
_aBiblioteca románica hispánica. _pEstudios y ensayos ; _v234 |
|
| 650 | 4 |
_aLenguaje y lenguas _93837 |
|
| 700 | 1 |
_aMartinet, Jeanne, _ecoaut. |
|
| 905 | _aLibro | ||
| 999 |
_c101371 _d101371 |
||